| 000 | 00781nam a22002537a 4500 | ||
|---|---|---|---|
| 001 | 0074 | ||
| 003 | DO-SdBNP | ||
| 005 | 20220711134947.0 | ||
| 007 | 0074 | ||
| 008 | 151013b sp 1986 xxu||||| |||| 00| 0 spa d | ||
| 020 | _a8475613950 | ||
| 040 |
_aBPMSU _bspa _cBPMSU |
||
| 082 |
_a863.3 _bC419d 1986 _222 |
||
| 100 | 1 |
_aCervantes, Miguel de, _d1547-1616 |
|
| 245 | 1 | 0 |
_aDon Quijote de la Mancha / _cMiguel de Cervantes |
| 260 |
_aBarcelona, España : _bDalmau Socías, _bEditors S. A., _c1986. |
||
| 300 |
_a203 p. : _bil.,; _c20 cm. |
||
| 590 | _6Inventariado, 2022/VM | ||
| 600 | 1 | 4 |
_aCervantes Saavedra, Miguel de _d1547-1616 _tDon Quijote de la Mancha |
| 650 | 4 | _aNovela española | |
| 650 | 4 | _aLiteratura española | |
| 910 | _aBTAVAREZ/ VMateo V. | ||
| 942 |
_2ddc _cBK |
||
| 999 |
_c8371 _d8371 |
||